Bilder nach Buchstabe - X - Statistiken

Allgemein
  • Dieses Quiz wurde 126 mal gespielt
  • Das Durchschnittsergebnis liegt bei 7 aus 16
Antwortstatistiken
Bildquiz Antwort % Korrekt
Xbox
96%
Xavier Naidoo
88%
Xylophon
84%
X-Beine
74%
Xenon
71%
Xi Jinping
69%
Xanax
56%
Xabi Alonso
53%
XXXLutz
48%
Xanten
37%
Xerxes
12%
Xiamen
7%
X-Strahlen
7%
Xanthippe
5%
Xenophobie
3%
Xoloitzcuintle
1%
Keine übereinstimmenden Quizze gefunden
Verteilung der Resultate
Anzahl Personen mit jedem Resultat
Perzentil nach korrekt beantworteten Fragen
Ihre Resultats-Entwicklung
Sie haben dieses Quiz noch nicht gespielt